| 000 | 01429nam a22003137a 4500 | ||
|---|---|---|---|
| 001 | 00230 | ||
| 003 | DO-SdBNP | ||
| 005 | 20180313125957.0 | ||
| 007 | 00230 | ||
| 008 | 160418b dr 2000||||| |||| 00| 0 spa d | ||
| 040 |
_aBPMSU _bspa _cBPMSU |
||
| 082 | 0 | 4 |
_a373.6561 _bM433L 2do. 2000 |
| 100 | 1 | _aMatos Moquete, Manuel | |
| 245 | 1 |
_aLengua y literatura de 2do grado : _bnivel medio / _cManuel Matos Moquete, Lizet Rodríguez Hernández |
|
| 260 |
_aSanto Domingo : _bSecretaría de Estado de Educación, _c2000. |
||
| 300 |
_a289 p. : _bil., _c28 cm. |
||
| 500 | _a2do. grado / 2do ciclo nivel medio | ||
| 505 |
_tEjercicio del diálogo en la sociedad -- _tAprecio de los saberes y las culturas -- _tDiversos modos de vida -- _tLa convivencia con los demás -- _tEjercicos de estilo y creatividad -- _tRespeto de los valores humanos -- _tNavega en los espacios del texto -- _tIndagación de la realidad -- _tJugando con anotaciones y secuencias de palabras -- _tViaje al mundo de las artes. |
||
| 650 | 4 |
_aESPAÑOL _xENSEÑANZA SECUNDARIA |
|
| 650 | 4 |
_aESPAÑOL _xEDUCACIÓN SECUNDARIA |
|
| 650 | 4 |
_aESPAÑOL _xLIBROS DE TEXTOS |
|
| 650 | 4 |
_aESPAÑOL _xESTUDIOS Y EJERCICIOS |
|
| 650 | 4 |
_aEDUCACIÓN SECUNDARIA _zREPÚBLICA DOMINICANA |
|
| 700 | 1 | _aRodríguez Hernández, Lizet | |
| 910 | _aValidado. Control de calidad MFF | ||
| 942 |
_2ddc _cBK |
||
| 945 | _aRemanejado para la BNPHU / 2018 VM | ||
| 956 | _aBrenda Tavárez | ||
| 999 |
_c9833 _d9833 |
||